Fundamentos de teología sistemática / Editado por Gabino Uríbarri (Registro nro. 43787)
[ vista simple ]
| 000 -LÍDER | |
|---|---|
| Campo fijo de descripción fija | 011060000a22002050004500 |
| 020 ## - NÚMERO INTERNACIONAL NORMALIZADO PARA LIBROS | |
| Número Internacional Normalizado del libro | 84-330-1805-1, |
| Linkage | 7.300 |
| 082 04 - NÚMERO DE CLASIFICACIÓN DECIMAL DEWEY | |
| Número de clasificación | G 230 U762f |
| 001 - NÚMERO DE CONTROL | |
| Campo de control | 14971 |
| 245 10 - TÍTULO | |
| Título del Material | Fundamentos de teología sistemática / Editado por Gabino Uríbarri |
| 260 ## - PUBLICACIÓN, DISTRIBUCIÓN, ETC. (PIE DE IMPRENTA) | |
| Lugar de publicación, distribución, etc. | Madrid : Universidad Pontificia Comillas |
| 300 ## - DESCRIPCIÓN FÍSICA | |
| Extensión | 281 p. |
| 336 ## - CONTENT TYPE | |
| Content type term | texto |
| Content type code | txt |
| Source | rdacontent |
| 337 ## - MEDIA TYPE | |
| Source | rdamedia |
| Media type term | sin mediación |
| Media type code | n |
| 338 ## - CARRIER TYPE | |
| Source | rdacarrier |
| Carrier type term | volumen |
| Carrier type code | nc |
| 505 00 - NOTA DE CONTENIDO | |
| Nota de contenido con formato preestablecido | Teología fundamental: núcleo esencial y algunos puntos focales - Dios en Cristo, sólo amor, vida de nuestra vida. Núcleo constitutivo del tratado de Dios - La fe-fidelidad de Jesús, clave central de la Cristología - Eclesiología en devenir: el estudio de la iglesia en el ciclo institucional de la teología - El tratado de sacramentos: algunas opciones teológico-pedagógicas - VIRTUS FIDEI: la teología como gramática de la fe - Habitar en el "tiempo ecatólogico" |
| 650 14 - ASIENTO SECUNDARIO DE MATERIA - TERMINO TEMÁTICO | |
| Término temático o nombre geográfico como elemento de entrada | TEOLOGIA SISTEMATICA - FUNDAMENTOS \ TEOLOGIA DOGMATICA |
| 700 1# - ASIENTO SECUNDARIO - NOMBRE PERSONAL | |
| Nombre personal | Uríbarri, Gabino; ed. |
| 942 ## - TIPO DE MATERIAL (KOHA) | |
| Tipo de Item KOHA | Libros General |
| Estado de Material | Estado de Perdido | Estado de Dañado | No para Préstamo | Colección | Tomo | Biblioteca de Origen | Biblioteca Permanente | Fecha de Adquisición | Total de Préstamos | Signatura Topográfica | Código de Barras | Última vez visto | Ejemplar/Existencia | Fecha de Remplazo | Tipo de Material |
|---|---|---|---|---|---|---|---|---|---|---|---|---|---|---|---|
| Colección General | Biblioteca FUSBC | Biblioteca FUSBC | 22/07/2009 | G 230 U762f | 17060 | 30/09/2025 | 1 | 26/01/2016 | Libros General |
